Welcome to the Holygrace Academy Library

Please use search bar below to get started

VAYICHOKKA (Record no. 9081)

MARC details
000 -LEADER
fixed length control field 00270nam a22001217a 4500
082 ## - DEWEY DECIMAL CLASSIFICATION NUMBER
Classification number 894.812.1
Item number VEN/V
100 ## - MAIN ENTRY--AUTHOR NAME
Personal name VENNIYUR, RASHEED
245 ## - TITLE STATEMENT
Title VAYICHOKKA
246 ## - VARYING FORM OF TITLE
Title proper/short title VAYICHOKKA
Remainder of title VAYICHOKKA
260 ## - PUBLICATION, DISTRIBUTION, ETC. (IMPRINT)
Place of publication CALICUT
Name of publisher MADHARAM
650 ## - SUBJECT ADDED ENTRY--TOPICAL TERM
Topical Term MALAYALAM POEM
942 ## - ADDED ENTRY ELEMENTS (KOHA)
Koha item type Books
Holdings
Withdrawn status Lost status Collection code Home library Current library Shelving location Date acquired Source of acquisition Cost, normal purchase price Full call number Accession Number Koha item type
    POEMS Main Library Main Library SHELF-16H-MALAYALAM POEMS 09/05/2025 COTRIBUTION 210.00 894.812.1 VEN/V 13805 Books